All French FC Barcelona players - Statistics

General Stats
  • This quiz has been taken 59 times
  • The average score is 9 of 25
Answer Stats
POS Years Answer % Correct
DEF 2022 - Kounde
96%
FOR 2019-2021 Griezmann
88%
FOR 2017-2023 Dembele
87%
DEF 2016-2022 Umtiti
87%
DEF 2018-2024 Lenglet
83%
FOR 2007-2010 Henry
79%
DEF 2007-2013 Abidal
73%
DEF 2014-2017 Mathieu
52%
DEF 2016-2018 Digne
40%
FOR 2004-2007 Giuly
37%
DEF 2006-2008 Thuram
37%
DEF 2019-2020 Todibo
35%
MID 2000-2001 Petit
33%
DEF 1996-1997 Blanc
25%
FOR 1997 Dugarry
13%
GK 2000-2002 Dutruel
13%
DEF 2001-2003 Christanval
12%
DEF 1999-2000 Déhu
8%
MID 1965-1968 Müller
4%
MID 2005 Sylvestre
2%
MID 1913-1914 Bigué
0%
MID 1913-1914 Carlier
0%
FOR 1902 Fenouillère
0%
MID 1909 Normand
0%
FOR 1917-1918 Verdoux
0%
No matching quizzes found
Score Distribution
Percent of People with Each Score
Percentile by Number Answered
Your Score History
You have not taken this quiz